| 000 | 00864nam a2200241Ia 4500 | ||
|---|---|---|---|
| 008 | 191130s2007##################000#0#eng## | ||
| 020 | _a9781841137223 | ||
| 022 | _a2008612742 | ||
| 040 |
_aACL _cACL |
||
| 082 | _a346.420434 BRI | ||
| 100 | _aBright, Susan | ||
| 245 |
_aLandlord and tenant law in context _cSusan Bright |
||
| 260 |
_aOxford ; Portland, OR _bHart _c2007 |
||
| 300 | _alxxiv, 816 p. ; 25 cm | ||
| 500 | _aSuccessor vol. to Landlord and tenant law : the nature of tenancies / by Susan Bright and Geoff Gilbert ; Oxford : Clarendon, 1995. Includes bibliographical references (p. [787]-802) and index | ||
| 650 | _aLandlord and tenant - England | ||
| 650 | _aLandlord and tenant - Wales | ||
| 650 | _aLeases - England | ||
| 650 | _aLeases - Wales | ||
| 990 | _a301b547fac10000c22ca53144f285bd9 | ||
| 991 | _a285219 | ||
| 999 |
_c228034 _d228034 |
||